| 000 | 00645nam a2200241Ia 4500 | ||
|---|---|---|---|
| 003 | OSt | ||
| 005 | 20220918205110.0 | ||
| 006 | a|||||r|||| 00| 0 | ||
| 007 | ta | ||
| 008 | 220917b |||||||| |||| 00| 0 eng d | ||
| 024 | _a115,345 | ||
| 037 | _cTextual | ||
| 040 |
_aARTS _cARTS _beng |
||
| 041 |
_2eng _aeng |
||
| 082 | _aV58,1y7<79, N0 | ||
| 100 |
_aTucker R C _9114148 |
||
| 245 | 0 |
_aStalin in power _b the revolution from above 1928-1941 |
|
| 260 |
_aN York _bW W Norton _c1990 |
||
| 300 |
_axix, 707p. _ccm. |
||
| 650 | _aHISTORY | ||
| 942 |
_hV58,1y7<79, N0 _cTEXL _2CC |
||
| 999 |
_c238674 _d238674 |
||